000 00947nam a2200229Ii 4500
003 JO-AjNU
008 230605s9999||||xx |||||||||||||| ||und||
017 _a2018/9/4919
020 _a978-9923-15-025-2
040 _aJO-AjNU
_bara
_erda
_cJO-AjNU
041 _aara
050 1 4 _aKMM100.9 2020
100 3 _aالبطوش، أحمد فهد,
_eauthor
_959222
245 0 0 _aتداول أسهم الشركة المساهمة في سوق الأوراق المالية(البورصة)
250 _aط1
264 3 1 _aعمان: الدار العلمية الدولية للنشر والتوزيع؛ دار الثقافة للنشر والتوزيع، 2020
300 _a247ص
_bيشتمل على مراجع ومصادر
336 _atext
_btxt
_2rdacontent
337 _aunmediated
_bn
_2rdamedia
338 _avolume
_bnc
_2rdacarrier
650 4 _aالاسواق المالية-الشركات المساهمة-القانون الخاص
_959223
999 _aA26639
_c30207
_d30207